Top 30 : Central Cee - Statistiques

Statistiques générales
  • Ce quiz a été pris 33 fois
  • Le résultat moyen est 15 sur 30
Statistiques - réponses
Top Titres Featuring % Correct
3 BAND4BAND Lil Baby
96%
1 Sprinter Dave
96%
8 Did It First Ice Spice
85%
7 Overseas D-Block Europe
77%
2 Doja
73%
17 Eurovision Rondodasosa, Freeze Corleone, Baby Gang, A2ANTI, Morad, Beny Jr, ASHE 22
73%
5 Loading
73%
24 Eurostar Ninho
65%
4 LET GO
62%
18 Which One Drake
62%
14 6 For 6
58%
21 CRG Dave
58%
15 GBP 21 Savage
58%
6 Obsessed With You
58%
9 Day in the Life
54%
12 UK Rap Dave
54%
20 Gen Z Luv
50%
10 Commitment Issues
42%
19 On The Radar Freestyle Drake
42%
28 Truth In The Lies Lil Durk
42%
25 Khabib
38%
16 Trojan Horse Dave
38%
22 H.Y.B. J. Cole, Bas
35%
13 One Up
35%
30 Mrs
27%
26 Retail Therapy
27%
11 TOO MUCH The Kid LAROI, Jung Kook
27%
29 Wave Asake
27%
27 Chapters
12%
23 LA Leakers Freestyle
4%
Aucun quiz correspondant
Distribution des résultats
% des personnes avec chaque résultat
Percentile par nombre de réponses
Votre historique - résultats
Vous n’avez pas pris ce quiz